<?xml version="1.0" encoding="UTF-8"?>
<record
    xmlns:xsi="http://www.w3.org/2001/XMLSchema-instance"
    xsi:schemaLocation="http://www.loc.gov/MARC21/slim http://www.loc.gov/standards/marcxml/schema/MARC21slim.xsd"
    xmlns="http://www.loc.gov/MARC21/slim">

  <leader>00968nas a2200253 454500</leader>
  <controlfield tag="001">16188</controlfield>
  <controlfield tag="005">20260407193505.0</controlfield>
  <controlfield tag="008">260407s1967####ag###########|||spa#d</controlfield>
  <controlfield tag="003">AR-UNSa-BCEJYS</controlfield>
  <datafield tag="040" ind1=" " ind2=" ">
    <subfield code="a">AR-UNSa-BCEJYS</subfield>
    <subfield code="b">spa</subfield>
    <subfield code="c">AR-UNSa-BCEJYS</subfield>
  </datafield>
  <datafield tag="080" ind1=" " ind2=" ">
    <subfield code="a">311.3</subfield>
    <subfield code="x">Organizaci&#xF3;n general de las estadisticas. Estad&#xED;stica oficial</subfield>
  </datafield>
  <datafield tag="245" ind1="1" ind2="0">
    <subfield code="a">Costo de vida</subfield>
  </datafield>
  <datafield tag="264" ind1=" " ind2="1">
    <subfield code="a">Buenos Aires :</subfield>
    <subfield code="b">Direcci&#xF3;n Nacional de Estad&#xED;stica y Censos</subfield>
    <subfield code="c">1967</subfield>
  </datafield>
  <datafield tag="310" ind1=" " ind2=" ">
    <subfield code="a">Frecuencia: Mensual</subfield>
  </datafield>
  <datafield tag="505" ind1=" " ind2=" ">
    <subfield code="a">Cambia de nombre la responsabilidad a partir del N&#xBA; 63 por Instituto Nacional de Estad&#xED;stica y Censos</subfield>
  </datafield>
  <datafield tag="041" ind1=" " ind2=" ">
    <subfield code="a">spa</subfield>
  </datafield>
  <datafield tag="942" ind1=" " ind2=" ">
    <subfield code="c">SER</subfield>
  </datafield>
  <datafield tag="590" ind1=" " ind2=" ">
    <subfield code="a">niveau_biblio:s niveau_hierar:1</subfield>
  </datafield>
  <datafield tag="100" ind1="1" ind2=" ">
    <subfield code="a">Argentina. Direcci&#xF3;n Nacional de Estad&#xED;stica y Censos</subfield>
  </datafield>
  <datafield tag="650" ind1=" " ind2=" ">
    <subfield code="a">Precio de productos b&#xE1;sicos</subfield>
  </datafield>
  <datafield tag="650" ind1=" " ind2=" ">
    <subfield code="a">Condiciones de vida</subfield>
  </datafield>
  <datafield tag="650" ind1=" " ind2=" ">
    <subfield code="a">ESTADISTICA</subfield>
  </datafield>
  <datafield tag="856" ind1="4" ind2="1">
    <subfield code="u">https://biblioeco.unsa.edu.ar/pmb/images/revistas/Costo de Vida.jpg</subfield>
    <subfield code="y">Imagen de portada</subfield>
    <subfield code="q">image/jpeg</subfield>
  </datafield>
  <datafield tag="999" ind1=" " ind2=" ">
    <subfield code="c">8489</subfield>
    <subfield code="d">8489</subfield>
  </datafield>
  <datafield tag="952" ind1=" " ind2=" ">
    <subfield code="0">0</subfield>
    <subfield code="1">0</subfield>
    <subfield code="4">0</subfield>
    <subfield code="7">0</subfield>
    <subfield code="a">BCEJYS</subfield>
    <subfield code="b">BCEJYS</subfield>
    <subfield code="c">17</subfield>
    <subfield code="d">1972-12-01</subfield>
    <subfield code="h">N&#xBA; 119 - dic. 1972</subfield>
    <subfield code="l">0</subfield>
    <subfield code="o">H311.3 COS 119</subfield>
    <subfield code="p">R08337</subfield>
    <subfield code="r">2026-04-10 16:07:45</subfield>
    <subfield code="w">2026-04-10</subfield>
    <subfield code="y">RN</subfield>
  </datafield>
  <datafield tag="952" ind1=" " ind2=" ">
    <subfield code="0">0</subfield>
    <subfield code="1">0</subfield>
    <subfield code="4">0</subfield>
    <subfield code="7">0</subfield>
    <subfield code="a">BCEJYS</subfield>
    <subfield code="b">BCEJYS</subfield>
    <subfield code="c">17</subfield>
    <subfield code="d">1972-11-01</subfield>
    <subfield code="h">N&#xBA; 118 - nov. 1972</subfield>
    <subfield code="l">0</subfield>
    <subfield code="o">H311.3 COS 118</subfield>
    <subfield code="p">R08336</subfield>
    <subfield code="r">2026-04-10 16:07:45</subfield>
    <subfield code="w">2026-04-10</subfield>
    <subfield code="y">RN</subfield>
  </datafield>
  <datafield tag="952" ind1=" " ind2=" ">
    <subfield code="0">0</subfield>
    <subfield code="1">0</subfield>
    <subfield code="4">0</subfield>
    <subfield code="7">0</subfield>
    <subfield code="a">BCEJYS</subfield>
    <subfield code="b">BCEJYS</subfield>
    <subfield code="c">17</subfield>
    <subfield code="d">1972-10-01</subfield>
    <subfield code="h">N&#xBA; 117 - oct. 1972</subfield>
    <subfield code="l">0</subfield>
    <subfield code="o">H311.3 COS 117</subfield>
    <subfield code="p">R08335</subfield>
    <subfield code="r">2026-04-10 16:07:45</subfield>
    <subfield code="w">2026-04-10</subfield>
    <subfield code="y">RN</subfield>
  </datafield>
  <datafield tag="952" ind1=" " ind2=" ">
    <subfield code="0">0</subfield>
    <subfield code="1">0</subfield>
    <subfield code="4">0</subfield>
    <subfield code="7">0</subfield>
    <subfield code="a">BCEJYS</subfield>
    <subfield code="b">BCEJYS</subfield>
    <subfield code="c">17</subfield>
    <subfield code="d">1972-09-01</subfield>
    <subfield code="h">N&#xBA; 116 - sep. 1972</subfield>
    <subfield code="l">0</subfield>
    <subfield code="o">H311.3 COS 116</subfield>
    <subfield code="p">R08334</subfield>
    <subfield code="r">2026-04-10 16:07:45</subfield>
    <subfield code="w">2026-04-10</subfield>
    <subfield code="y">RN</subfield>
  </datafield>
  <datafield tag="952" ind1=" " ind2=" ">
    <subfield code="0">0</subfield>
    <subfield code="1">0</subfield>
    <subfield code="4">0</subfield>
    <subfield code="7">0</subfield>
    <subfield code="a">BCEJYS</subfield>
    <subfield code="b">BCEJYS</subfield>
    <subfield code="c">17</subfield>
    <subfield code="d">1972-08-01</subfield>
    <subfield code="h">N&#xBA; 115 - ago. 1972</subfield>
    <subfield code="l">0</subfield>
    <subfield code="o">H311.3 COS 115</subfield>
    <subfield code="p">R08333</subfield>
    <subfield code="r">2026-04-10 16:07:45</subfield>
    <subfield code="w">2026-04-10</subfield>
    <subfield code="y">RN</subfield>
  </datafield>
  <datafield tag="952" ind1=" " ind2=" ">
    <subfield code="0">0</subfield>
    <subfield code="1">0</subfield>
    <subfield code="4">0</subfield>
    <subfield code="7">0</subfield>
    <subfield code="a">BCEJYS</subfield>
    <subfield code="b">BCEJYS</subfield>
    <subfield code="c">17</subfield>
    <subfield code="d">1972-07-01</subfield>
    <subfield code="h">N&#xBA; 114 - jul. 1972</subfield>
    <subfield code="l">0</subfield>
    <subfield code="o">H311.3 COS 114</subfield>
    <subfield code="p">R08332</subfield>
    <subfield code="r">2026-04-10 16:07:45</subfield>
    <subfield code="w">2026-04-10</subfield>
    <subfield code="y">RN</subfield>
  </datafield>
  <datafield tag="952" ind1=" " ind2=" ">
    <subfield code="0">0</subfield>
    <subfield code="1">0</subfield>
    <subfield code="4">0</subfield>
    <subfield code="7">0</subfield>
    <subfield code="a">BCEJYS</subfield>
    <subfield code="b">BCEJYS</subfield>
    <subfield code="c">17</subfield>
    <subfield code="d">1972-06-01</subfield>
    <subfield code="h">N&#xBA; 113 - jun. 1972</subfield>
    <subfield code="l">0</subfield>
    <subfield code="o">H311.3 COS 113</subfield>
    <subfield code="p">R08331</subfield>
    <subfield code="r">2026-04-10 16:07:45</subfield>
    <subfield code="w">2026-04-10</subfield>
    <subfield code="y">RN</subfield>
  </datafield>
  <datafield tag="952" ind1=" " ind2=" ">
    <subfield code="0">0</subfield>
    <subfield code="1">0</subfield>
    <subfield code="4">0</subfield>
    <subfield code="7">0</subfield>
    <subfield code="a">BCEJYS</subfield>
    <subfield code="b">BCEJYS</subfield>
    <subfield code="c">17</subfield>
    <subfield code="d">1972-05-01</subfield>
    <subfield code="h">N&#xBA; 112 - mayo 1972</subfield>
    <subfield code="l">0</subfield>
    <subfield code="o">H311.3 COS 112</subfield>
    <subfield code="p">R08330</subfield>
    <subfield code="r">2026-04-10 16:07:45</subfield>
    <subfield code="w">2026-04-10</subfield>
    <subfield code="y">RN</subfield>
  </datafield>
  <datafield tag="952" ind1=" " ind2=" ">
    <subfield code="0">0</subfield>
    <subfield code="1">0</subfield>
    <subfield code="4">0</subfield>
    <subfield code="7">0</subfield>
    <subfield code="a">BCEJYS</subfield>
    <subfield code="b">BCEJYS</subfield>
    <subfield code="c">17</subfield>
    <subfield code="d">1972-04-01</subfield>
    <subfield code="h">N&#xBA; 111 - abr. 1972</subfield>
    <subfield code="l">0</subfield>
    <subfield code="o">H311.3 COS 111</subfield>
    <subfield code="p">R08329</subfield>
    <subfield code="r">2026-04-10 16:07:45</subfield>
    <subfield code="w">2026-04-10</subfield>
    <subfield code="y">RN</subfield>
  </datafield>
  <datafield tag="952" ind1=" " ind2=" ">
    <subfield code="0">0</subfield>
    <subfield code="1">0</subfield>
    <subfield code="4">0</subfield>
    <subfield code="7">0</subfield>
    <subfield code="a">BCEJYS</subfield>
    <subfield code="b">BCEJYS</subfield>
    <subfield code="c">17</subfield>
    <subfield code="d">1972-03-01</subfield>
    <subfield code="h">N&#xBA; 110 - mar. 1972</subfield>
    <subfield code="l">0</subfield>
    <subfield code="o">H311.3 COS 110</subfield>
    <subfield code="p">R08328</subfield>
    <subfield code="r">2026-04-10 16:07:45</subfield>
    <subfield code="w">2026-04-10</subfield>
    <subfield code="y">RN</subfield>
  </datafield>
  <datafield tag="952" ind1=" " ind2=" ">
    <subfield code="0">0</subfield>
    <subfield code="1">0</subfield>
    <subfield code="4">0</subfield>
    <subfield code="7">0</subfield>
    <subfield code="a">BCEJYS</subfield>
    <subfield code="b">BCEJYS</subfield>
    <subfield code="c">17</subfield>
    <subfield code="d">1972-02-01</subfield>
    <subfield code="h">N&#xBA; 109 - feb. 1972</subfield>
    <subfield code="l">0</subfield>
    <subfield code="o">H311.3 COS 109</subfield>
    <subfield code="p">R08327</subfield>
    <subfield code="r">2026-04-10 16:07:45</subfield>
    <subfield code="w">2026-04-10</subfield>
    <subfield code="y">RN</subfield>
  </datafield>
  <datafield tag="952" ind1=" " ind2=" ">
    <subfield code="0">0</subfield>
    <subfield code="1">0</subfield>
    <subfield code="4">0</subfield>
    <subfield code="7">0</subfield>
    <subfield code="a">BCEJYS</subfield>
    <subfield code="b">BCEJYS</subfield>
    <subfield code="c">17</subfield>
    <subfield code="d">1972-01-01</subfield>
    <subfield code="h">N&#xBA; 108 - ene. 1972</subfield>
    <subfield code="l">0</subfield>
    <subfield code="o">H311.3 COS 108</subfield>
    <subfield code="p">R08326</subfield>
    <subfield code="r">2026-04-10 16:07:45</subfield>
    <subfield code="w">2026-04-10</subfield>
    <subfield code="y">RN</subfield>
  </datafield>
  <datafield tag="952" ind1=" " ind2=" ">
    <subfield code="0">0</subfield>
    <subfield code="1">0</subfield>
    <subfield code="4">0</subfield>
    <subfield code="7">0</subfield>
    <subfield code="a">BCEJYS</subfield>
    <subfield code="b">BCEJYS</subfield>
    <subfield code="c">17</subfield>
    <subfield code="d">1971-12-01</subfield>
    <subfield code="h">N&#xBA; 107 - dic. 1971</subfield>
    <subfield code="l">0</subfield>
    <subfield code="o">H311.3 COS 107</subfield>
    <subfield code="p">R08325</subfield>
    <subfield code="r">2026-04-10 16:07:45</subfield>
    <subfield code="w">2026-04-10</subfield>
    <subfield code="y">RN</subfield>
  </datafield>
  <datafield tag="952" ind1=" " ind2=" ">
    <subfield code="0">0</subfield>
    <subfield code="1">0</subfield>
    <subfield code="4">0</subfield>
    <subfield code="7">0</subfield>
    <subfield code="a">BCEJYS</subfield>
    <subfield code="b">BCEJYS</subfield>
    <subfield code="c">17</subfield>
    <subfield code="d">1971-11-01</subfield>
    <subfield code="h">N&#xBA; 106 - nov. 1971</subfield>
    <subfield code="l">0</subfield>
    <subfield code="o">H311.3 COS 106</subfield>
    <subfield code="p">R08324</subfield>
    <subfield code="r">2026-04-10 16:07:45</subfield>
    <subfield code="w">2026-04-10</subfield>
    <subfield code="y">RN</subfield>
  </datafield>
  <datafield tag="952" ind1=" " ind2=" ">
    <subfield code="0">0</subfield>
    <subfield code="1">0</subfield>
    <subfield code="4">0</subfield>
    <subfield code="7">0</subfield>
    <subfield code="a">BCEJYS</subfield>
    <subfield code="b">BCEJYS</subfield>
    <subfield code="c">17</subfield>
    <subfield code="d">1971-10-01</subfield>
    <subfield code="h">N&#xBA; 105 - oct. 1971</subfield>
    <subfield code="l">0</subfield>
    <subfield code="o">H311.3 COS 105</subfield>
    <subfield code="p">R08323</subfield>
    <subfield code="r">2026-04-10 16:07:45</subfield>
    <subfield code="w">2026-04-10</subfield>
    <subfield code="y">RN</subfield>
  </datafield>
  <datafield tag="952" ind1=" " ind2=" ">
    <subfield code="0">0</subfield>
    <subfield code="1">0</subfield>
    <subfield code="4">0</subfield>
    <subfield code="7">0</subfield>
    <subfield code="a">BCEJYS</subfield>
    <subfield code="b">BCEJYS</subfield>
    <subfield code="c">17</subfield>
    <subfield code="d">1971-09-01</subfield>
    <subfield code="h">N&#xBA; 104 - sep. 1971</subfield>
    <subfield code="l">0</subfield>
    <subfield code="o">H311.3 COS 104</subfield>
    <subfield code="p">R08322</subfield>
    <subfield code="r">2026-04-10 16:07:45</subfield>
    <subfield code="w">2026-04-10</subfield>
    <subfield code="y">RN</subfield>
  </datafield>
  <datafield tag="952" ind1=" " ind2=" ">
    <subfield code="0">0</subfield>
    <subfield code="1">0</subfield>
    <subfield code="4">0</subfield>
    <subfield code="7">0</subfield>
    <subfield code="a">BCEJYS</subfield>
    <subfield code="b">BCEJYS</subfield>
    <subfield code="c">17</subfield>
    <subfield code="d">1971-08-01</subfield>
    <subfield code="h">N&#xBA; 103 - ago. 1971</subfield>
    <subfield code="l">0</subfield>
    <subfield code="o">H311.3 COS 103</subfield>
    <subfield code="p">R08321</subfield>
    <subfield code="r">2026-04-10 16:07:45</subfield>
    <subfield code="w">2026-04-10</subfield>
    <subfield code="y">RN</subfield>
  </datafield>
  <datafield tag="952" ind1=" " ind2=" ">
    <subfield code="0">0</subfield>
    <subfield code="1">0</subfield>
    <subfield code="4">0</subfield>
    <subfield code="7">0</subfield>
    <subfield code="a">BCEJYS</subfield>
    <subfield code="b">BCEJYS</subfield>
    <subfield code="c">17</subfield>
    <subfield code="d">1971-07-01</subfield>
    <subfield code="h">N&#xBA; 102 - jul. 1971</subfield>
    <subfield code="l">0</subfield>
    <subfield code="o">H311.3 COS 102</subfield>
    <subfield code="p">R08320</subfield>
    <subfield code="r">2026-04-10 16:07:45</subfield>
    <subfield code="w">2026-04-10</subfield>
    <subfield code="y">RN</subfield>
  </datafield>
  <datafield tag="952" ind1=" " ind2=" ">
    <subfield code="0">0</subfield>
    <subfield code="1">0</subfield>
    <subfield code="4">0</subfield>
    <subfield code="7">0</subfield>
    <subfield code="a">BCEJYS</subfield>
    <subfield code="b">BCEJYS</subfield>
    <subfield code="c">17</subfield>
    <subfield code="d">1971-06-01</subfield>
    <subfield code="h">N&#xBA; 101 - jun. 1971</subfield>
    <subfield code="l">0</subfield>
    <subfield code="o">H311.3 COS 101</subfield>
    <subfield code="p">R08319</subfield>
    <subfield code="r">2026-04-10 16:07:45</subfield>
    <subfield code="w">2026-04-10</subfield>
    <subfield code="y">RN</subfield>
  </datafield>
  <datafield tag="952" ind1=" " ind2=" ">
    <subfield code="0">0</subfield>
    <subfield code="1">0</subfield>
    <subfield code="4">0</subfield>
    <subfield code="7">0</subfield>
    <subfield code="a">BCEJYS</subfield>
    <subfield code="b">BCEJYS</subfield>
    <subfield code="c">17</subfield>
    <subfield code="d">1971-05-01</subfield>
    <subfield code="h">N&#xBA; 100 - mayo 1971</subfield>
    <subfield code="l">0</subfield>
    <subfield code="o">H311.3 COS 100</subfield>
    <subfield code="p">R08318</subfield>
    <subfield code="r">2026-04-10 16:07:45</subfield>
    <subfield code="w">2026-04-10</subfield>
    <subfield code="y">RN</subfield>
  </datafield>
  <datafield tag="952" ind1=" " ind2=" ">
    <subfield code="0">0</subfield>
    <subfield code="1">0</subfield>
    <subfield code="4">0</subfield>
    <subfield code="7">0</subfield>
    <subfield code="a">BCEJYS</subfield>
    <subfield code="b">BCEJYS</subfield>
    <subfield code="c">17</subfield>
    <subfield code="d">1971-04-01</subfield>
    <subfield code="h">N&#xBA; 99 - abr. 1971</subfield>
    <subfield code="l">0</subfield>
    <subfield code="o">H311.3 COS 99</subfield>
    <subfield code="p">R08317</subfield>
    <subfield code="r">2026-04-10 16:07:45</subfield>
    <subfield code="w">2026-04-10</subfield>
    <subfield code="y">RN</subfield>
  </datafield>
  <datafield tag="952" ind1=" " ind2=" ">
    <subfield code="0">0</subfield>
    <subfield code="1">0</subfield>
    <subfield code="4">0</subfield>
    <subfield code="7">0</subfield>
    <subfield code="a">BCEJYS</subfield>
    <subfield code="b">BCEJYS</subfield>
    <subfield code="c">17</subfield>
    <subfield code="d">1971-03-01</subfield>
    <subfield code="h">N&#xBA; 98 - mar. 1971</subfield>
    <subfield code="l">0</subfield>
    <subfield code="o">H311.3 COS 98</subfield>
    <subfield code="p">R08316</subfield>
    <subfield code="r">2026-04-10 16:07:45</subfield>
    <subfield code="w">2026-04-10</subfield>
    <subfield code="y">RN</subfield>
  </datafield>
  <datafield tag="952" ind1=" " ind2=" ">
    <subfield code="0">0</subfield>
    <subfield code="1">0</subfield>
    <subfield code="4">0</subfield>
    <subfield code="7">0</subfield>
    <subfield code="a">BCEJYS</subfield>
    <subfield code="b">BCEJYS</subfield>
    <subfield code="c">17</subfield>
    <subfield code="d">1971-02-01</subfield>
    <subfield code="h">N&#xBA; 97 - feb. 1971</subfield>
    <subfield code="l">0</subfield>
    <subfield code="o">H311.3 COS 97</subfield>
    <subfield code="p">R08315</subfield>
    <subfield code="r">2026-04-10 16:07:45</subfield>
    <subfield code="w">2026-04-10</subfield>
    <subfield code="y">RN</subfield>
  </datafield>
  <datafield tag="952" ind1=" " ind2=" ">
    <subfield code="0">0</subfield>
    <subfield code="1">0</subfield>
    <subfield code="4">0</subfield>
    <subfield code="7">0</subfield>
    <subfield code="a">BCEJYS</subfield>
    <subfield code="b">BCEJYS</subfield>
    <subfield code="c">17</subfield>
    <subfield code="d">1971-01-01</subfield>
    <subfield code="h">N&#xBA; 96 - ene. 1971</subfield>
    <subfield code="l">0</subfield>
    <subfield code="o">H311.3 COS 96</subfield>
    <subfield code="p">R08314</subfield>
    <subfield code="r">2026-04-10 16:07:45</subfield>
    <subfield code="w">2026-04-10</subfield>
    <subfield code="y">RN</subfield>
  </datafield>
  <datafield tag="952" ind1=" " ind2=" ">
    <subfield code="0">0</subfield>
    <subfield code="1">0</subfield>
    <subfield code="4">0</subfield>
    <subfield code="7">0</subfield>
    <subfield code="a">BCEJYS</subfield>
    <subfield code="b">BCEJYS</subfield>
    <subfield code="c">17</subfield>
    <subfield code="d">1970-12-01</subfield>
    <subfield code="h">N&#xBA; 95 - dic. 1970</subfield>
    <subfield code="l">0</subfield>
    <subfield code="o">H311.3 COS 95</subfield>
    <subfield code="p">R08313</subfield>
    <subfield code="r">2026-04-10 16:07:45</subfield>
    <subfield code="w">2026-04-10</subfield>
    <subfield code="y">RN</subfield>
  </datafield>
  <datafield tag="952" ind1=" " ind2=" ">
    <subfield code="0">0</subfield>
    <subfield code="1">0</subfield>
    <subfield code="4">0</subfield>
    <subfield code="7">0</subfield>
    <subfield code="a">BCEJYS</subfield>
    <subfield code="b">BCEJYS</subfield>
    <subfield code="c">17</subfield>
    <subfield code="d">1970-11-01</subfield>
    <subfield code="h">N&#xBA; 94 - nov. 1970</subfield>
    <subfield code="l">0</subfield>
    <subfield code="o">H311.3 COS 94</subfield>
    <subfield code="p">R08312</subfield>
    <subfield code="r">2026-04-10 16:07:45</subfield>
    <subfield code="w">2026-04-10</subfield>
    <subfield code="y">RN</subfield>
  </datafield>
  <datafield tag="952" ind1=" " ind2=" ">
    <subfield code="0">0</subfield>
    <subfield code="1">0</subfield>
    <subfield code="4">0</subfield>
    <subfield code="7">0</subfield>
    <subfield code="a">BCEJYS</subfield>
    <subfield code="b">BCEJYS</subfield>
    <subfield code="c">17</subfield>
    <subfield code="d">1970-10-01</subfield>
    <subfield code="h">N&#xBA; 93 - oct. 1970</subfield>
    <subfield code="l">0</subfield>
    <subfield code="o">H311.3 COS 93</subfield>
    <subfield code="p">R08311</subfield>
    <subfield code="r">2026-04-10 16:07:45</subfield>
    <subfield code="w">2026-04-10</subfield>
    <subfield code="y">RN</subfield>
  </datafield>
  <datafield tag="952" ind1=" " ind2=" ">
    <subfield code="0">0</subfield>
    <subfield code="1">0</subfield>
    <subfield code="4">0</subfield>
    <subfield code="7">0</subfield>
    <subfield code="a">BCEJYS</subfield>
    <subfield code="b">BCEJYS</subfield>
    <subfield code="c">17</subfield>
    <subfield code="d">1970-09-01</subfield>
    <subfield code="h">N&#xBA; 92 - sep. 1970</subfield>
    <subfield code="l">0</subfield>
    <subfield code="o">H311.3 COS 92</subfield>
    <subfield code="p">R08310</subfield>
    <subfield code="r">2026-04-10 16:07:45</subfield>
    <subfield code="w">2026-04-10</subfield>
    <subfield code="y">RN</subfield>
  </datafield>
  <datafield tag="952" ind1=" " ind2=" ">
    <subfield code="0">0</subfield>
    <subfield code="1">0</subfield>
    <subfield code="4">0</subfield>
    <subfield code="7">0</subfield>
    <subfield code="a">BCEJYS</subfield>
    <subfield code="b">BCEJYS</subfield>
    <subfield code="c">17</subfield>
    <subfield code="d">1970-08-01</subfield>
    <subfield code="h">N&#xBA; 91 - ago. 1970</subfield>
    <subfield code="l">0</subfield>
    <subfield code="o">H311.3 COS 91</subfield>
    <subfield code="p">R08309</subfield>
    <subfield code="r">2026-04-10 16:07:45</subfield>
    <subfield code="w">2026-04-10</subfield>
    <subfield code="y">RN</subfield>
  </datafield>
  <datafield tag="952" ind1=" " ind2=" ">
    <subfield code="0">0</subfield>
    <subfield code="1">0</subfield>
    <subfield code="4">0</subfield>
    <subfield code="7">0</subfield>
    <subfield code="a">BCEJYS</subfield>
    <subfield code="b">BCEJYS</subfield>
    <subfield code="c">17</subfield>
    <subfield code="d">1970-07-01</subfield>
    <subfield code="h">N&#xBA; 90 - jul. 1970</subfield>
    <subfield code="l">0</subfield>
    <subfield code="o">H311.3 COS 90</subfield>
    <subfield code="p">R11534</subfield>
    <subfield code="r">2026-04-10 16:07:45</subfield>
    <subfield code="w">2026-04-10</subfield>
    <subfield code="y">RN</subfield>
  </datafield>
  <datafield tag="952" ind1=" " ind2=" ">
    <subfield code="0">0</subfield>
    <subfield code="1">0</subfield>
    <subfield code="4">0</subfield>
    <subfield code="7">0</subfield>
    <subfield code="a">BCEJYS</subfield>
    <subfield code="b">BCEJYS</subfield>
    <subfield code="c">17</subfield>
    <subfield code="d">1970-06-01</subfield>
    <subfield code="h">N&#xBA; 89 - jun. 1970</subfield>
    <subfield code="l">0</subfield>
    <subfield code="o">H311.3 COS 89</subfield>
    <subfield code="p">R08308</subfield>
    <subfield code="r">2026-04-10 16:07:45</subfield>
    <subfield code="w">2026-04-10</subfield>
    <subfield code="y">RN</subfield>
  </datafield>
  <datafield tag="952" ind1=" " ind2=" ">
    <subfield code="0">0</subfield>
    <subfield code="1">0</subfield>
    <subfield code="4">0</subfield>
    <subfield code="7">0</subfield>
    <subfield code="a">BCEJYS</subfield>
    <subfield code="b">BCEJYS</subfield>
    <subfield code="c">17</subfield>
    <subfield code="d">1970-05-01</subfield>
    <subfield code="h">N&#xBA; 88 - mayo 1970</subfield>
    <subfield code="l">0</subfield>
    <subfield code="o">H311.3 COS 88</subfield>
    <subfield code="p">R08307</subfield>
    <subfield code="r">2026-04-10 16:07:45</subfield>
    <subfield code="w">2026-04-10</subfield>
    <subfield code="y">RN</subfield>
  </datafield>
  <datafield tag="952" ind1=" " ind2=" ">
    <subfield code="0">0</subfield>
    <subfield code="1">0</subfield>
    <subfield code="4">0</subfield>
    <subfield code="7">0</subfield>
    <subfield code="a">BCEJYS</subfield>
    <subfield code="b">BCEJYS</subfield>
    <subfield code="c">17</subfield>
    <subfield code="d">1970-04-01</subfield>
    <subfield code="h">N&#xBA; 87 - abr. 1970</subfield>
    <subfield code="l">0</subfield>
    <subfield code="o">H311.3 COS 87</subfield>
    <subfield code="p">R08306</subfield>
    <subfield code="r">2026-04-10 16:07:45</subfield>
    <subfield code="w">2026-04-10</subfield>
    <subfield code="y">RN</subfield>
  </datafield>
  <datafield tag="952" ind1=" " ind2=" ">
    <subfield code="0">0</subfield>
    <subfield code="1">0</subfield>
    <subfield code="4">0</subfield>
    <subfield code="7">0</subfield>
    <subfield code="a">BCEJYS</subfield>
    <subfield code="b">BCEJYS</subfield>
    <subfield code="c">17</subfield>
    <subfield code="d">1970-03-01</subfield>
    <subfield code="h">N&#xBA; 86 - mar. 1970</subfield>
    <subfield code="l">0</subfield>
    <subfield code="o">H311.3 COS 86</subfield>
    <subfield code="p">R08305</subfield>
    <subfield code="r">2026-04-10 16:07:45</subfield>
    <subfield code="w">2026-04-10</subfield>
    <subfield code="y">RN</subfield>
  </datafield>
  <datafield tag="952" ind1=" " ind2=" ">
    <subfield code="0">0</subfield>
    <subfield code="1">0</subfield>
    <subfield code="4">0</subfield>
    <subfield code="7">0</subfield>
    <subfield code="a">BCEJYS</subfield>
    <subfield code="b">BCEJYS</subfield>
    <subfield code="c">17</subfield>
    <subfield code="d">1970-02-01</subfield>
    <subfield code="h">N&#xBA; 85 - feb. 1970</subfield>
    <subfield code="l">0</subfield>
    <subfield code="o">H311.3 COS 85</subfield>
    <subfield code="p">R11533</subfield>
    <subfield code="r">2026-04-10 16:07:45</subfield>
    <subfield code="w">2026-04-10</subfield>
    <subfield code="y">RN</subfield>
  </datafield>
  <datafield tag="952" ind1=" " ind2=" ">
    <subfield code="0">0</subfield>
    <subfield code="1">0</subfield>
    <subfield code="4">0</subfield>
    <subfield code="7">0</subfield>
    <subfield code="a">BCEJYS</subfield>
    <subfield code="b">BCEJYS</subfield>
    <subfield code="c">17</subfield>
    <subfield code="d">1970-01-01</subfield>
    <subfield code="h">N&#xBA; 84 - ene. 1970</subfield>
    <subfield code="l">0</subfield>
    <subfield code="o">H311.3 COS 84</subfield>
    <subfield code="p">R08304</subfield>
    <subfield code="r">2026-04-10 16:07:45</subfield>
    <subfield code="w">2026-04-10</subfield>
    <subfield code="y">RN</subfield>
  </datafield>
  <datafield tag="952" ind1=" " ind2=" ">
    <subfield code="0">0</subfield>
    <subfield code="1">0</subfield>
    <subfield code="4">0</subfield>
    <subfield code="7">0</subfield>
    <subfield code="a">BCEJYS</subfield>
    <subfield code="b">BCEJYS</subfield>
    <subfield code="c">17</subfield>
    <subfield code="d">1969-12-01</subfield>
    <subfield code="h">N&#xBA; 83 - dic. 1969</subfield>
    <subfield code="l">0</subfield>
    <subfield code="o">H311.3 COS 83</subfield>
    <subfield code="p">R11532</subfield>
    <subfield code="r">2026-04-10 16:07:45</subfield>
    <subfield code="w">2026-04-10</subfield>
    <subfield code="y">RN</subfield>
  </datafield>
  <datafield tag="952" ind1=" " ind2=" ">
    <subfield code="0">0</subfield>
    <subfield code="1">0</subfield>
    <subfield code="4">0</subfield>
    <subfield code="7">0</subfield>
    <subfield code="a">BCEJYS</subfield>
    <subfield code="b">BCEJYS</subfield>
    <subfield code="c">17</subfield>
    <subfield code="d">1969-11-01</subfield>
    <subfield code="h">N&#xBA; 82 - nov. 1969</subfield>
    <subfield code="l">0</subfield>
    <subfield code="o">H311.3 COS 82</subfield>
    <subfield code="p">R08303</subfield>
    <subfield code="r">2026-04-10 16:07:45</subfield>
    <subfield code="w">2026-04-10</subfield>
    <subfield code="y">RN</subfield>
  </datafield>
  <datafield tag="952" ind1=" " ind2=" ">
    <subfield code="0">0</subfield>
    <subfield code="1">0</subfield>
    <subfield code="4">0</subfield>
    <subfield code="7">0</subfield>
    <subfield code="a">BCEJYS</subfield>
    <subfield code="b">BCEJYS</subfield>
    <subfield code="c">17</subfield>
    <subfield code="d">1969-10-01</subfield>
    <subfield code="h">N&#xBA; 81 - oct. 1969</subfield>
    <subfield code="l">0</subfield>
    <subfield code="o">H311.3 COS 81</subfield>
    <subfield code="p">R08302</subfield>
    <subfield code="r">2026-04-10 16:07:45</subfield>
    <subfield code="w">2026-04-10</subfield>
    <subfield code="y">RN</subfield>
  </datafield>
  <datafield tag="952" ind1=" " ind2=" ">
    <subfield code="0">0</subfield>
    <subfield code="1">0</subfield>
    <subfield code="4">0</subfield>
    <subfield code="7">0</subfield>
    <subfield code="a">BCEJYS</subfield>
    <subfield code="b">BCEJYS</subfield>
    <subfield code="c">17</subfield>
    <subfield code="d">1969-09-01</subfield>
    <subfield code="h">N&#xBA; 80 - sep. 1969</subfield>
    <subfield code="l">0</subfield>
    <subfield code="o">H311.3 COS 80</subfield>
    <subfield code="p">R08301</subfield>
    <subfield code="r">2026-04-10 16:07:45</subfield>
    <subfield code="w">2026-04-10</subfield>
    <subfield code="y">RN</subfield>
  </datafield>
  <datafield tag="952" ind1=" " ind2=" ">
    <subfield code="0">0</subfield>
    <subfield code="1">0</subfield>
    <subfield code="4">0</subfield>
    <subfield code="7">0</subfield>
    <subfield code="a">BCEJYS</subfield>
    <subfield code="b">BCEJYS</subfield>
    <subfield code="c">17</subfield>
    <subfield code="d">1969-08-01</subfield>
    <subfield code="h">N&#xBA; 79 - ago. 1969</subfield>
    <subfield code="l">0</subfield>
    <subfield code="o">H311.3 COS 79</subfield>
    <subfield code="p">R08300</subfield>
    <subfield code="r">2026-04-10 16:07:45</subfield>
    <subfield code="w">2026-04-10</subfield>
    <subfield code="y">RN</subfield>
  </datafield>
  <datafield tag="952" ind1=" " ind2=" ">
    <subfield code="0">0</subfield>
    <subfield code="1">0</subfield>
    <subfield code="4">0</subfield>
    <subfield code="7">0</subfield>
    <subfield code="a">BCEJYS</subfield>
    <subfield code="b">BCEJYS</subfield>
    <subfield code="c">17</subfield>
    <subfield code="d">1969-07-01</subfield>
    <subfield code="h">N&#xBA; 78 - jul. 1969</subfield>
    <subfield code="l">0</subfield>
    <subfield code="o">H311.3 COS 78</subfield>
    <subfield code="p">R08299</subfield>
    <subfield code="r">2026-04-10 16:07:45</subfield>
    <subfield code="w">2026-04-10</subfield>
    <subfield code="y">RN</subfield>
  </datafield>
  <datafield tag="952" ind1=" " ind2=" ">
    <subfield code="0">0</subfield>
    <subfield code="1">0</subfield>
    <subfield code="4">0</subfield>
    <subfield code="7">0</subfield>
    <subfield code="a">BCEJYS</subfield>
    <subfield code="b">BCEJYS</subfield>
    <subfield code="c">17</subfield>
    <subfield code="d">1969-06-01</subfield>
    <subfield code="h">N&#xBA; 77 - jun. 1969</subfield>
    <subfield code="l">0</subfield>
    <subfield code="o">H311.3 COS 77</subfield>
    <subfield code="p">R08298</subfield>
    <subfield code="r">2026-04-10 16:07:45</subfield>
    <subfield code="w">2026-04-10</subfield>
    <subfield code="y">RN</subfield>
  </datafield>
  <datafield tag="952" ind1=" " ind2=" ">
    <subfield code="0">0</subfield>
    <subfield code="1">0</subfield>
    <subfield code="4">0</subfield>
    <subfield code="7">0</subfield>
    <subfield code="a">BCEJYS</subfield>
    <subfield code="b">BCEJYS</subfield>
    <subfield code="c">17</subfield>
    <subfield code="d">1969-05-01</subfield>
    <subfield code="h">N&#xBA; 76 - mayo 1969</subfield>
    <subfield code="l">0</subfield>
    <subfield code="o">H311.3 COS 76</subfield>
    <subfield code="p">R08297</subfield>
    <subfield code="r">2026-04-10 16:07:45</subfield>
    <subfield code="w">2026-04-10</subfield>
    <subfield code="y">RN</subfield>
  </datafield>
  <datafield tag="952" ind1=" " ind2=" ">
    <subfield code="0">0</subfield>
    <subfield code="1">0</subfield>
    <subfield code="4">0</subfield>
    <subfield code="7">0</subfield>
    <subfield code="a">BCEJYS</subfield>
    <subfield code="b">BCEJYS</subfield>
    <subfield code="c">17</subfield>
    <subfield code="d">1969-04-01</subfield>
    <subfield code="h">N&#xBA; 75 - abr. 1969</subfield>
    <subfield code="l">0</subfield>
    <subfield code="o">H311.3 COS 75</subfield>
    <subfield code="p">R08296</subfield>
    <subfield code="r">2026-04-10 16:07:45</subfield>
    <subfield code="w">2026-04-10</subfield>
    <subfield code="y">RN</subfield>
  </datafield>
  <datafield tag="952" ind1=" " ind2=" ">
    <subfield code="0">0</subfield>
    <subfield code="1">0</subfield>
    <subfield code="4">0</subfield>
    <subfield code="7">0</subfield>
    <subfield code="a">BCEJYS</subfield>
    <subfield code="b">BCEJYS</subfield>
    <subfield code="c">17</subfield>
    <subfield code="d">1969-03-01</subfield>
    <subfield code="h">N&#xBA; 74 - mar. 1969</subfield>
    <subfield code="l">0</subfield>
    <subfield code="o">H311.3 COS 74</subfield>
    <subfield code="p">R08295</subfield>
    <subfield code="r">2026-04-10 16:07:45</subfield>
    <subfield code="w">2026-04-10</subfield>
    <subfield code="y">RN</subfield>
  </datafield>
  <datafield tag="952" ind1=" " ind2=" ">
    <subfield code="0">0</subfield>
    <subfield code="1">0</subfield>
    <subfield code="4">0</subfield>
    <subfield code="7">0</subfield>
    <subfield code="a">BCEJYS</subfield>
    <subfield code="b">BCEJYS</subfield>
    <subfield code="c">17</subfield>
    <subfield code="d">1969-02-01</subfield>
    <subfield code="h">N&#xBA; 73 - feb. 1969</subfield>
    <subfield code="l">0</subfield>
    <subfield code="o">H311.3 COS 73</subfield>
    <subfield code="p">R08294</subfield>
    <subfield code="r">2026-04-10 16:07:45</subfield>
    <subfield code="w">2026-04-10</subfield>
    <subfield code="y">RN</subfield>
  </datafield>
  <datafield tag="952" ind1=" " ind2=" ">
    <subfield code="0">0</subfield>
    <subfield code="1">0</subfield>
    <subfield code="4">0</subfield>
    <subfield code="7">0</subfield>
    <subfield code="a">BCEJYS</subfield>
    <subfield code="b">BCEJYS</subfield>
    <subfield code="c">17</subfield>
    <subfield code="d">1969-01-01</subfield>
    <subfield code="h">N&#xBA; 72 - ene. 1969</subfield>
    <subfield code="l">0</subfield>
    <subfield code="o">H311.3 COS 72</subfield>
    <subfield code="p">R08293</subfield>
    <subfield code="r">2026-04-10 16:07:45</subfield>
    <subfield code="w">2026-04-10</subfield>
    <subfield code="y">RN</subfield>
  </datafield>
  <datafield tag="952" ind1=" " ind2=" ">
    <subfield code="0">0</subfield>
    <subfield code="1">0</subfield>
    <subfield code="4">0</subfield>
    <subfield code="7">0</subfield>
    <subfield code="a">BCEJYS</subfield>
    <subfield code="b">BCEJYS</subfield>
    <subfield code="c">17</subfield>
    <subfield code="d">1968-12-01</subfield>
    <subfield code="h">N&#xBA; 71 - dic. 1968</subfield>
    <subfield code="l">0</subfield>
    <subfield code="o">H311.3 COS 71</subfield>
    <subfield code="p">R08292</subfield>
    <subfield code="r">2026-04-10 16:07:45</subfield>
    <subfield code="w">2026-04-10</subfield>
    <subfield code="y">RN</subfield>
  </datafield>
  <datafield tag="952" ind1=" " ind2=" ">
    <subfield code="0">0</subfield>
    <subfield code="1">0</subfield>
    <subfield code="4">0</subfield>
    <subfield code="7">0</subfield>
    <subfield code="a">BCEJYS</subfield>
    <subfield code="b">BCEJYS</subfield>
    <subfield code="c">17</subfield>
    <subfield code="d">1968-11-01</subfield>
    <subfield code="h">N&#xBA; 70 - nov. 1968</subfield>
    <subfield code="l">0</subfield>
    <subfield code="o">H311.3 COS 70</subfield>
    <subfield code="p">R08291</subfield>
    <subfield code="r">2026-04-10 16:07:45</subfield>
    <subfield code="w">2026-04-10</subfield>
    <subfield code="y">RN</subfield>
  </datafield>
  <datafield tag="952" ind1=" " ind2=" ">
    <subfield code="0">0</subfield>
    <subfield code="1">0</subfield>
    <subfield code="4">0</subfield>
    <subfield code="7">0</subfield>
    <subfield code="a">BCEJYS</subfield>
    <subfield code="b">BCEJYS</subfield>
    <subfield code="c">17</subfield>
    <subfield code="d">1968-10-01</subfield>
    <subfield code="h">N&#xBA; 69 - oct. 1968</subfield>
    <subfield code="l">0</subfield>
    <subfield code="o">H311.3 COS 69</subfield>
    <subfield code="p">R08290</subfield>
    <subfield code="r">2026-04-10 16:07:45</subfield>
    <subfield code="w">2026-04-10</subfield>
    <subfield code="y">RN</subfield>
  </datafield>
  <datafield tag="952" ind1=" " ind2=" ">
    <subfield code="0">0</subfield>
    <subfield code="1">0</subfield>
    <subfield code="4">0</subfield>
    <subfield code="7">0</subfield>
    <subfield code="a">BCEJYS</subfield>
    <subfield code="b">BCEJYS</subfield>
    <subfield code="c">17</subfield>
    <subfield code="d">1968-09-01</subfield>
    <subfield code="h">N&#xBA; 68 - sep. 1968</subfield>
    <subfield code="l">0</subfield>
    <subfield code="o">H311.3 COS 68</subfield>
    <subfield code="p">R08289</subfield>
    <subfield code="r">2026-04-10 16:07:45</subfield>
    <subfield code="w">2026-04-10</subfield>
    <subfield code="y">RN</subfield>
  </datafield>
  <datafield tag="952" ind1=" " ind2=" ">
    <subfield code="0">0</subfield>
    <subfield code="1">0</subfield>
    <subfield code="4">0</subfield>
    <subfield code="7">0</subfield>
    <subfield code="a">BCEJYS</subfield>
    <subfield code="b">BCEJYS</subfield>
    <subfield code="c">17</subfield>
    <subfield code="d">1968-08-01</subfield>
    <subfield code="h">N&#xBA; 67 - ago. 1968</subfield>
    <subfield code="l">0</subfield>
    <subfield code="o">H311.3 COS 67</subfield>
    <subfield code="p">R08288</subfield>
    <subfield code="r">2026-04-10 16:07:45</subfield>
    <subfield code="w">2026-04-10</subfield>
    <subfield code="y">RN</subfield>
  </datafield>
  <datafield tag="952" ind1=" " ind2=" ">
    <subfield code="0">0</subfield>
    <subfield code="1">0</subfield>
    <subfield code="4">0</subfield>
    <subfield code="7">0</subfield>
    <subfield code="a">BCEJYS</subfield>
    <subfield code="b">BCEJYS</subfield>
    <subfield code="c">17</subfield>
    <subfield code="d">1968-07-01</subfield>
    <subfield code="h">N&#xBA; 66 - jul. 1968</subfield>
    <subfield code="l">0</subfield>
    <subfield code="o">H311.3 COS 66</subfield>
    <subfield code="p">R08287</subfield>
    <subfield code="r">2026-04-10 16:07:45</subfield>
    <subfield code="w">2026-04-10</subfield>
    <subfield code="y">RN</subfield>
  </datafield>
  <datafield tag="952" ind1=" " ind2=" ">
    <subfield code="0">0</subfield>
    <subfield code="1">0</subfield>
    <subfield code="4">0</subfield>
    <subfield code="7">0</subfield>
    <subfield code="a">BCEJYS</subfield>
    <subfield code="b">BCEJYS</subfield>
    <subfield code="c">17</subfield>
    <subfield code="d">1968-06-01</subfield>
    <subfield code="h">N&#xBA; 65 - jun. 1968</subfield>
    <subfield code="l">0</subfield>
    <subfield code="o">H311.3 COS 65</subfield>
    <subfield code="p">R08286</subfield>
    <subfield code="r">2026-04-10 16:07:45</subfield>
    <subfield code="w">2026-04-10</subfield>
    <subfield code="y">RN</subfield>
  </datafield>
  <datafield tag="952" ind1=" " ind2=" ">
    <subfield code="0">0</subfield>
    <subfield code="1">0</subfield>
    <subfield code="4">0</subfield>
    <subfield code="7">0</subfield>
    <subfield code="a">BCEJYS</subfield>
    <subfield code="b">BCEJYS</subfield>
    <subfield code="c">17</subfield>
    <subfield code="d">1968-05-01</subfield>
    <subfield code="h">N&#xBA; 64 - mayo 1968</subfield>
    <subfield code="l">0</subfield>
    <subfield code="o">H311.3 COS 64</subfield>
    <subfield code="p">R08285</subfield>
    <subfield code="r">2026-04-10 16:07:45</subfield>
    <subfield code="w">2026-04-10</subfield>
    <subfield code="y">RN</subfield>
  </datafield>
  <datafield tag="952" ind1=" " ind2=" ">
    <subfield code="0">0</subfield>
    <subfield code="1">0</subfield>
    <subfield code="4">0</subfield>
    <subfield code="7">0</subfield>
    <subfield code="a">BCEJYS</subfield>
    <subfield code="b">BCEJYS</subfield>
    <subfield code="c">17</subfield>
    <subfield code="d">1968-04-01</subfield>
    <subfield code="h">N&#xBA; 63 - abr. 1968</subfield>
    <subfield code="l">0</subfield>
    <subfield code="o">H311.3 COS 63</subfield>
    <subfield code="p">R08284</subfield>
    <subfield code="r">2026-04-10 16:07:45</subfield>
    <subfield code="w">2026-04-10</subfield>
    <subfield code="y">RN</subfield>
  </datafield>
  <datafield tag="952" ind1=" " ind2=" ">
    <subfield code="0">0</subfield>
    <subfield code="1">0</subfield>
    <subfield code="4">0</subfield>
    <subfield code="7">0</subfield>
    <subfield code="a">BCEJYS</subfield>
    <subfield code="b">BCEJYS</subfield>
    <subfield code="c">17</subfield>
    <subfield code="d">1968-03-01</subfield>
    <subfield code="h">N&#xBA; 62 - mar. 1968</subfield>
    <subfield code="l">0</subfield>
    <subfield code="o">H311.3 COS 62</subfield>
    <subfield code="p">R08283</subfield>
    <subfield code="r">2026-04-10 16:07:45</subfield>
    <subfield code="w">2026-04-10</subfield>
    <subfield code="y">RN</subfield>
  </datafield>
  <datafield tag="952" ind1=" " ind2=" ">
    <subfield code="0">0</subfield>
    <subfield code="1">0</subfield>
    <subfield code="4">0</subfield>
    <subfield code="7">0</subfield>
    <subfield code="a">BCEJYS</subfield>
    <subfield code="b">BCEJYS</subfield>
    <subfield code="c">17</subfield>
    <subfield code="d">1968-02-01</subfield>
    <subfield code="h">N&#xBA; 61 - feb. 1968</subfield>
    <subfield code="l">0</subfield>
    <subfield code="o">H311.3 COS 61</subfield>
    <subfield code="p">R08282</subfield>
    <subfield code="r">2026-04-10 16:07:45</subfield>
    <subfield code="w">2026-04-10</subfield>
    <subfield code="y">RN</subfield>
  </datafield>
  <datafield tag="952" ind1=" " ind2=" ">
    <subfield code="0">0</subfield>
    <subfield code="1">0</subfield>
    <subfield code="4">0</subfield>
    <subfield code="7">0</subfield>
    <subfield code="a">BCEJYS</subfield>
    <subfield code="b">BCEJYS</subfield>
    <subfield code="c">17</subfield>
    <subfield code="d">1968-01-01</subfield>
    <subfield code="h">N&#xBA; 60 - ene. 1968</subfield>
    <subfield code="l">0</subfield>
    <subfield code="o">H311.3 COS 60</subfield>
    <subfield code="p">R08281</subfield>
    <subfield code="r">2026-04-10 16:07:45</subfield>
    <subfield code="w">2026-04-10</subfield>
    <subfield code="y">RN</subfield>
  </datafield>
  <datafield tag="952" ind1=" " ind2=" ">
    <subfield code="0">0</subfield>
    <subfield code="1">0</subfield>
    <subfield code="4">0</subfield>
    <subfield code="7">0</subfield>
    <subfield code="a">BCEJYS</subfield>
    <subfield code="b">BCEJYS</subfield>
    <subfield code="c">17</subfield>
    <subfield code="d">1967-05-01</subfield>
    <subfield code="h">N&#xBA; 52 - mayo 1967</subfield>
    <subfield code="l">0</subfield>
    <subfield code="o">H311.3 COS 52</subfield>
    <subfield code="p">R08280</subfield>
    <subfield code="r">2026-04-10 16:07:45</subfield>
    <subfield code="w">2026-04-10</subfield>
    <subfield code="y">RN</subfield>
  </datafield>
  <datafield tag="952" ind1=" " ind2=" ">
    <subfield code="0">0</subfield>
    <subfield code="1">0</subfield>
    <subfield code="4">0</subfield>
    <subfield code="7">0</subfield>
    <subfield code="a">BCEJYS</subfield>
    <subfield code="b">BCEJYS</subfield>
    <subfield code="c">17</subfield>
    <subfield code="d">1967-03-01</subfield>
    <subfield code="h">N&#xBA; 50 - mar. 1967</subfield>
    <subfield code="l">0</subfield>
    <subfield code="o">H311.3 COS 50</subfield>
    <subfield code="p">R08279</subfield>
    <subfield code="r">2026-04-10 16:07:45</subfield>
    <subfield code="w">2026-04-10</subfield>
    <subfield code="y">RN</subfield>
  </datafield>
  <datafield tag="952" ind1=" " ind2=" ">
    <subfield code="0">0</subfield>
    <subfield code="1">0</subfield>
    <subfield code="4">0</subfield>
    <subfield code="7">0</subfield>
    <subfield code="a">BCEJYS</subfield>
    <subfield code="b">BCEJYS</subfield>
    <subfield code="c">17</subfield>
    <subfield code="d">1967-02-01</subfield>
    <subfield code="h">N&#xBA; 49 - feb. 1967</subfield>
    <subfield code="l">0</subfield>
    <subfield code="o">H311.3 COS 49</subfield>
    <subfield code="p">R08278</subfield>
    <subfield code="r">2026-04-10 16:07:45</subfield>
    <subfield code="w">2026-04-10</subfield>
    <subfield code="y">RN</subfield>
  </datafield>
  <datafield tag="952" ind1=" " ind2=" ">
    <subfield code="0">0</subfield>
    <subfield code="1">0</subfield>
    <subfield code="4">0</subfield>
    <subfield code="7">0</subfield>
    <subfield code="a">BCEJYS</subfield>
    <subfield code="b">BCEJYS</subfield>
    <subfield code="c">17</subfield>
    <subfield code="d">1967-01-01</subfield>
    <subfield code="h">N&#xBA; 48 - ene. 1967</subfield>
    <subfield code="l">0</subfield>
    <subfield code="o">H311.3 COS 48</subfield>
    <subfield code="p">R08238</subfield>
    <subfield code="r">2026-04-10 16:07:45</subfield>
    <subfield code="w">2026-04-10</subfield>
    <subfield code="y">RN</subfield>
  </datafield>
</record>
